000 01112nam a22002537a 4500
005 20240530110417.0
008 150122s2011 ua o f b 000 0 ara d
017 _a2010/16700
_bمصر . دار الكتب المصرية
020 _a9789773278325
040 _aEG-CaGPL
041 0 _aara
082 0 4 _221
_a953.073
_bق/م ج
100 0 _aمصطفى على ابراهيم دويدار
245 1 0 _aجزيرة الروضة :
_bمنذ الفتح الاسلامى حتى نهاية حكم المماليك (20 - 923 هـ / 640 - 1517 م ) /
_cمصطفى على ابراهيم دويدار
250 _aط1
260 _aالاسكندرية :
_bدار الوفاء لدنيا الطباعة و النشر ،
_c2011
300 _a771 ص :
_bصور ؛
_c24 سم
504 _aببليوجرافية : ص 705 - 763
650 0 4 _aمصر
_xتاريخ
_yالعصر الاسلامى
650 0 4 _aجزيرة الروضة
_xتاريخ
_yالعصر الاسلامى
650 0 4 _aجزيرة الروضة
_xتاريخ
_yعصر المماليك
942 _2ddc
_cBK
999 _c60570
_d60570